Find the Star: European Capitals Quiz Stats

 Plays Quiz Updated Jul 24, 2018

Score 0/47 Timer 01:00
1 Play Today
% Correct
London(1,236)
91.6%
Paris(1,034)
91.1%
Rome(765)
90.6%
Berlin(524)
89.6%
Madrid(1,811)
86.6%
Oslo(1,352)
86.2%
Moscow(1,671)
84.2%
Warsaw(556)
83.8%
Dublin(1,684)
83.5%
Bern(684)
83%
Lisbon(2,301)
82.7%
Athens(1,284)
82.1%
Stockholm(1,242)
82%
Prague(251)
81.3%
Helsinki(1,440)
81.3%
Amsterdam(937)
80.4%
Budapest(214)
80.3%
Brussels(915)
80.2%
Copenhagen(871)
80.1%
Kyiv(1,054)
79.8%
Reykjavik(2,885)
78.9%
Zagreb(268)
78.8%
Sofia(818)
78.6%
Ankara(1,603)
78.6%
% Correct
Riga(1,103)
78.5%
Bucharest(857)
78.2%
Vatican City(766)
77.9%
Minsk(1,005)
77.8%
Luxembourg(768)
77.6%
Bratislava(54)
77.5%
Tallinn(1,363)
77.5%
Belgrade(492)
77.4%
San Marino(562)
77.4%
Monaco(851)
77.3%
Sarajevo(509)
77.1%
Vaduz(527)
76.9%
Ljubljana(278)
76.8%
Vilnius(948)
76.8%
Andorra la Vella(1,320)
76.6%
Skopje(796)
76.5%
Valletta(1,378)
76.4%
Tirana(812)
76.4%
Pristina(721)
76.3%
Chisinau(945)
76.2%
Nicosia(2,016)
76.2%
Podgorica(681)
76%
🌟 Vienna 🌟
75.5%

You're not logged in!

Compare scores with friends on all Sporcle quizzes.
OR
Log In

Sporcle TV

Today on Sporcle TV


Watch our educational content, quiz creation guides, and fun videos on Sporcle TV.

Show Comments

Extras

Top Quizzes Today


Score Distribution

Your Account Isn't Verified!

In order to create a playlist on Sporcle, you need to verify the email address you used during registration. Go to your Sporcle Settings to finish the process.

Report this User

Report this user for behavior that violates our Community Guidelines.

Details: